CPO Practice King/ (Record no. 201706)

MARC details
000 -LEADER
fixed length control field 00604nam a22001937a 4500
005 - DATE AND TIME OF LATEST TRANSACTION
control field 20240321123756.0
010 ## - LCCN (DPL NO)
LC control number ENG-139889
020 ## - INTERNATIONAL STANDARD BOOK NUMBER
Terms of availability 160.00
035 ## - SYSTEM CONTROL NUMBER
System control number EN-123421
037 ## - SOURCE OF ACQUISITION
Source of stock number/acquisition Champion Publication
082 ## - DEWEY DECIMAL CLASSIFICATION NUMBER
Classification number 000
100 ## - MAIN ENTRY--PERSONAL NAME
Personal name Pratap, Gagan
245 ## - TITLE STATEMENT
Title CPO Practice King/
Remainder of title By Gagan Pratap
260 ## - PUBLICATION, DISTRIBUTION, ETC. (IMPRINT)
Place of publication, distribution, etc Delhi
Name of publisher, distributor, etc Champion Publication
Date of publication, distribution, etc 2023
270 ## - ADDRESS
Address 2nd Floor, Jaina Ext. Dr. Mukherjee Nagar
City Delhi
Postal code 110009
300 ## - PHYSICAL DESCRIPTION
Extent 188p.
Dimensions 28cm(pbk)
500 ## - GENERAL NOTE
General note 1200+ TCS-MCQ Al Latest TCS Questions Asked in SSC Exams Till 2023
942 ## - ADDED ENTRY ELEMENTS (KOHA)
Source of classification or shelving scheme Dewey Decimal Classification
Item type English Books
Call number suffix CPO
Classification part 000
Holdings
Withdrawn status Lost status Not for loan Collection code Home library Current library Date acquired Source of acquisition Cost, normal purchase price Full call number Barcode Copy number Cost, replacement price Koha item type
  Lost and Paid For   Non-fiction Bawana Bawana 21/03/2024 DBAD 160.00 000 CPO EN-123421 1 160.00 English Books

© Delhi Public Library
Hit Counter
free hit counter